| 000 | 00598nam a2200181 i 4500 | ||
|---|---|---|---|
| 001 | 99470 | ||
| 003 | ES-MaACL | ||
| 005 | 20230906182513.0 | ||
| 007 | t| | ||
| 008 | 050912s1973 zzz ||||1| spa d | ||
| 100 | 1 |
_aMartín Serrano, Manuel. _977663 |
|
| 245 | 1 | 0 |
_aLibertad y predicción en las Ciencias Sociales desde una perspectiva cibernética / _cManuel Martín Serrano. |
| 260 |
_a[s.l. : _bs.n.], _c1973. |
||
| 300 |
_a17 fol. ; _c32 cm. |
||
| 500 | _aEjemplar multicopista. | ||
| 500 | _aRevista de Estudios Sociales, nº 7, 1973, p. 153-169. | ||
| 852 |
_aES-MaACL _j2087-F-21 _bR.89831 |
||
| 999 |
_c99470 _d99470 |
||